[Event "2. BUNDESLIGA MITTE 2014/2015"]
[Site "St. Veit"]
[Date "2015.02.28"]
[Round "7"]
[Board "2"]
[White "Velicka, Petr"]
[Black "Tratar, Marko"]
[Result "1/2-1/2"]
[WhiteElo "2412"]
[BlackElo "2471"]
[PlyCount "98"]
[EventDate "2014.10.03"]
[EventType "team"]
[EventRounds "11"]
[EventCountry "AUT"]
[WhiteTeam "SV Steyregg"]
[BlackTeam "SC MPOE Maria Saal II"]

1. e4 e6 2. d4 d5 3. Nd2 h6 4. e5 c5 5. c3 cxd4 6. cxd4 Qb6 7. Ndf3 Bd7 8. h3
Ne7 9. Bd3 Bb5 10. Ne2 Bxd3 11. Qxd3 Nec6 12. O-O Qa6 13. Qxa6 Nxa6 14. Bd2 Be7
15. Rfc1 Kd7 16. a3 Nc7 17. Kf1 a5 18. a4 Rhc8 19. Nf4 Rab8 20. Nd3 Na6 21. Ke2
Bd8 22. Bc3 Be7 23. Bd2 b6 24. Kd1 Rc7 25. Rc2 Nab4 26. Nxb4 Bxb4 27. Rac1 Bxd2
28. Nxd2 Rbc8 29. Nb3 h5 30. h4 Ne7 31. Rxc7+ Rxc7 32. Rxc7+ Kxc7 33. Nd2 Nf5
34. Nf3 f6 35. g3 fxe5 36. dxe5 Kd7 37. Kd2 Nh6 38. Ne1 Ke7 39. Nd3 Kf7 40. Ke3
Nf5+ 41. Kf4 Kg6 42. f3 Nd4 43. Ke3 Nc6 44. g4 hxg4 45. fxg4 Kh6 46. b3 g6 47.
Nf4 Nd8 48. Nd3 Nc6 49. Nf4 Nd8 1/2-1/2

[Event "2. BUNDESLIGA MITTE 2014/2015"]
[Site "St. Veit"]
[Date "2015.02.28"]
[Round "7"]
[Board "3"]
[White "Vojinovic, Jovana"]
[Black "Enoeckl, Philipp"]
[Result "0-1"]
[WhiteElo "2281"]
[BlackElo "2349"]
[PlyCount "76"]
[EventDate "2014.10.03"]
[EventType "team"]
[EventRounds "11"]
[EventCountry "AUT"]
[WhiteTeam "SC MPOE Maria Saal II"]
[BlackTeam "SV Steyregg"]

1. d4 Nf6 2. c4 g6 3. Nc3 Bg7 4. e4 d6 5. Nge2 O-O 6. Ng3 e5 7. d5 a5 8. Be2
Na6 9. h4 Ne8 10. h5 f5 11. hxg6 hxg6 12. exf5 gxf5 13. Bd2 Nc5 14. Qc2 c6 15.
Rh5 Nf6 16. Bg5 e4 17. O-O-O Qe8 18. Rh4 cxd5 19. cxd5 Bd7 20. Qd2 Na4 21. Kb1
Nxc3+ 22. Qxc3 Rc8 23. Qd2 Qe5 24. Bh6 Rf7 25. Bh5 Nxh5 26. Nxh5 e3 27. Bxe3 f4
28. Bxf4 Qf5+ 29. Qd3 Qxd3+ 30. Rxd3 Bf5 31. Rhh3 Be5 32. Bxe5 dxe5 33. f4 exf4
34. d6 f3 35. Rg3+ Kf8 36. Nf4 Bxd3+ 37. Nxd3 f2 38. Nxf2 Rxf2 0-1

[Event "2. BUNDESLIGA MITTE 2014/2015"]
[Site "St. Veit"]
[Date "2015.02.28"]
[Round "7"]
[Board "4"]
[White "Kirschner, Alexander"]
[Black "Halvax, Georg"]
[Result "0-1"]
[WhiteElo "2224"]
[BlackElo "2360"]
[PlyCount "70"]
[EventDate "2014.10.03"]
[EventType "team"]
[EventRounds "11"]
[EventCountry "AUT"]
[WhiteTeam "SV Steyregg"]
[BlackTeam "SC MPOE Maria Saal II"]

1. c4 f5 2. g3 Nf6 3. Nc3 g6 4. Bg2 Bg7 5. d3 d6 6. e4 c6 7. Nge2 O-O 8. O-O e5
9. exf5 Bxf5 10. d4 Na6 11. h3 Nc7 12. b3 Ne6 13. d5 Nd4 14. Nxd4 exd4 15. Ne2
c5 16. Nf4 Re8 17. g4 Bd7 18. Qd3 Qe7 19. Bd2 Qf7 20. Ne6 Re7 21. Rae1 Rae8 22.
f4 Kh8 23. f5 gxf5 24. Rxf5 Bxe6 25. dxe6 Rxe6 26. Ref1 Qg6 27. Bf4 Ne4 28. Re1
Nc3 29. Rxe6 Rxe6 30. Bd2 Be5 31. Bxc3 dxc3 32. Be4 Qh6 33. g5 Qh4 34. Rf8+ Kg7
35. Rf5 Bd4+ 0-1

[Event "2. BUNDESLIGA MITTE 2014/2015"]
[Site "St. Veit"]
[Date "2015.02.28"]
[Round "7"]
[Board "5"]
[White "Tomazini, Zan"]
[Black "Wiesinger, Robert"]
[Result "1-0"]
[WhiteElo "2392"]
[BlackElo "2191"]
[PlyCount "157"]
[EventDate "2014.10.03"]
[EventType "team"]
[EventRounds "11"]
[EventCountry "AUT"]
[WhiteTeam "SC MPOE Maria Saal II"]
[BlackTeam "SV Steyregg"]

1. e4 e5 2. Nf3 Nc6 3. d4 exd4 4. Nxd4 Nf6 5. Nxc6 bxc6 6. e5 Qe7 7. Qe2 Nd5 8.
c4 Ba6 9. Nd2 g6 10. Nf3 Qb4+ 11. Kd1 Bg7 12. Qd2 Qxd2+ 13. Bxd2 Nb6 14. b3 c5
15. Kc2 Bb7 16. Re1 O-O-O 17. Bc3 Rde8 18. Bd3 d5 19. exd6 Bxc3 20. d7+ Nxd7
21. Kxc3 Bxf3 22. gxf3 f5 23. Re3 a5 24. Rhe1 Kd8 25. Re6 Nb6 26. h4 Rxe6 27.
Rxe6 Kd7 28. Re1 Re8 29. Rd1 Ke7 30. f4 Kf6 31. a3 Nc8 32. Bc2 Nd6 33. Rd5 Nb7
34. Bd1 Re5 35. Rd7 Re7 36. Rd3 Nd6 37. f3 Re6 38. b4 axb4+ 39. axb4 cxb4+ 40.
Kxb4 Ne8 41. c5 Ng7 42. Bb3 Re7 43. Kb5 Nh5 44. Rd4 Re3 45. Bd1 Rc3 46. Kc6 Ng7
47. Be2 Ne6 48. Rc4 Re3 49. Bd1 Rd3 50. Rc1 Ke7 51. Ra1 Rc3 52. Ra5 Rd3 53. Ra1
Rc3 54. Ra5 Rc1 55. Ba4 Rc4 56. Bd1 Rxf4 57. Ra4 Rxa4 58. Bxa4 Nd4+ 59. Kxc7
Nxf3 60. c6 Ne5 61. Kb7 Nf7 62. c7 Nd6+ 63. Kc6 f4 64. Bd1 Nc8 65. Bg4 Na7+ 66.
Kd5 h6 67. Ke4 g5 68. h5 Kd6 69. Kf5 Kxc7 70. Kg6 Nc6 71. Kxh6 Ne5 72. Kxg5 f3
73. Bxf3 Nxf3+ 74. Kf5 Nh4+ 75. Kg5 Nf3+ 76. Kf6 Nh2 77. Kf5 Nf1 78. h6 Ng3+
79. Kg6 1-0

[Event "2. BUNDESLIGA MITTE 2014/2015"]
[Site "St. Veit"]
[Date "2015.02.28"]
[Round "7"]
[Board "6"]
[White "Leichtfried, Hans-Martin"]
[Black "Rieger, Robert"]
[Result "0-1"]
[WhiteElo "2096"]
[BlackElo "2293"]
[PlyCount "100"]
[EventDate "2014.10.03"]
[EventType "team"]
[EventRounds "11"]
[EventCountry "AUT"]
[WhiteTeam "SV Steyregg"]
[BlackTeam "SC MPOE Maria Saal II"]

1. d4 d5 2. Nf3 Nf6 3. c4 c6 4. cxd5 cxd5 5. Nc3 Nc6 6. Bf4 a6 7. Rc1 Bf5 8. a3
Rc8 9. e3 Ne4 10. Bd3 e6 11. Bxe4 Bxe4 12. Nxe4 dxe4 13. Ng5 Qd5 14. f3 exf3
15. Qxf3 h6 16. Ne4 Kd7 17. O-O f5 18. Nc5+ Bxc5 19. Rxc5 Qxf3 20. gxf3 b6 21.
Rcc1 g5 22. Bg3 Na5 23. Bf2 Nb3 24. Rc3 Rxc3 25. bxc3 Nd2 26. Rd1 Nxf3+ 27. Kg2
g4 28. c4 Rc8 29. c5 b5 30. h3 h5 31. hxg4 hxg4 32. Rh1 Ng5 33. Rh5 Ne4 34.
Rh7+ Kc6 35. Ra7 Kd5 36. Rxa6 e5 37. Rb6 exd4 38. exd4 f4 39. Rxb5 f3+ 40. Kg1
Nc3 41. Rb7 Ne2+ 42. Kf1 Rh8 43. Be1 g3 44. Bxg3 Nxg3+ 45. Kf2 Rg8 46. Rb1 Ne4+
47. Ke3 f2 48. Rf1 Ra8 49. Rd1 Rxa3+ 50. Kf4 Ng3 0-1

[Event "2. BUNDESLIGA MITTE 2014/2015"]
[Site "St. Veit"]
[Date "2015.02.28"]
[Round "7"]
[Board "1"]
[White "Kovacs, Gabor"]
[Black "Pilaj, Herwig"]
[Result "1-0"]
[WhiteElo "2482"]
[BlackElo "2388"]
[PlyCount "87"]
[EventDate "2014.10.03"]
[EventType "team"]
[EventRounds "11"]
[EventCountry "AUT"]
[WhiteTeam "Union Styria Graz"]
[BlackTeam "SC Die Klagenfurter"]

1. d4 Nf6 2. Nf3 g6 3. g3 Bg7 4. Bg2 O-O 5. O-O d6 6. c4 Nbd7 7. Nc3 e5 8. h3
c6 9. e4 Qa5 10. Re1 exd4 11. Nxd4 Ne5 12. Bf1 Re8 13. Be3 Be6 14. Nxe6 Rxe6
15. Kg2 Ned7 16. Qd2 Rae8 17. Rac1 h5 18. Red1 h4 19. g4 Nh7 20. Kh1 g5 21. Bg2
Ne5 22. b3 Ng6 23. Ne2 Qxd2 24. Rxd2 Be5 25. Nd4 Rf6 26. Nf5 Nf4 27. Rcd1 Rd8
28. c5 Rxf5 29. gxf5 Nf6 30. cxd6 Nxg2 31. Kxg2 Nxe4 32. Rd3 f6 33. Bd4 Bxd4
34. Rxd4 Nc3 35. Re1 Nd5 36. Re6 Kf7 37. Kf3 Rd7 38. Rde4 Rd8 39. Kg4 Rd7 40.
f4 gxf4 41. Kxh4 Ne3 42. Re7+ Rxe7 43. Rxe7+ Kf8 44. Rxb7 1-0

[Event "2. BUNDESLIGA MITTE 2014/2015"]
[Site "St. Veit"]
[Date "2015.02.28"]
[Round "7"]
[Board "2"]
[White "Petschar, Kurt"]
[Black "Csonka, Attila"]
[Result "1/2-1/2"]
[WhiteElo "2271"]
[BlackElo "2331"]
[PlyCount "146"]
[EventDate "2014.10.03"]
[EventType "team"]
[EventRounds "11"]
[EventCountry "AUT"]
[WhiteTeam "SC Die Klagenfurter"]
[BlackTeam "Union Styria Graz"]

1. d4 Nf6 2. c4 e6 3. Nf3 b6 4. a3 Ba6 5. Qc2 Bb7 6. Nc3 c5 7. e4 cxd4 8. Nxd4
Nc6 9. Nxc6 Bxc6 10. Bf4 Bc5 11. Be2 O-O 12. Rd1 a5 13. O-O Qe7 14. e5 Nh5 15.
Bxh5 Qh4 16. Bg3 Qxh5 17. Na4 Rfb8 18. Nxc5 bxc5 19. f3 Qg5 20. Qf2 h5 21. Rd2
Rb3 22. h4 Qg6 23. Kh2 Rab8 24. Qxc5 Rxb2 25. Rxb2 Rxb2 26. Qxa5 Qd3 27. Rf2
Rb1 28. Qd8+ Kh7 29. Qg5 Qd1 30. Bf4 Qe1 31. Be3 Qa5 32. Qxh5+ Kg8 33. Qg5 Qxa3
34. h5 Qf8 35. h6 Kh7 36. hxg7 Qxg7 37. Qh5+ Kg8 38. Rd2 Qh7 39. Bh6 Qf5 40.
Qxf5 exf5 41. Kg3 Rb4 42. Kf4 Rxc4+ 43. Kxf5 Ba4 44. g4 Rc3 45. f4 Rc6 46. Kg5
Rc1 47. Rd4 Bc6 48. Kf6 Bb5 49. Rb4 Rc6+ 50. Kg5 Be2 51. f5 Kh7 52. Bf8 Rc4 53.
Rb2 Rxg4+ 54. Kf6 Rg2 55. Ra2 Kg8 56. Bc5 Rh2 57. Be3 Rg2 58. Ra7 Bc4 59. Ra8+
Kh7 60. Rc8 Ba2 61. Rc7 Kg8 62. Rc8+ Kh7 63. Rc7 Kg8 64. Ra7 Bb3 65. Bd4 Rg4
66. Ra8+ Kh7 67. Ra3 Bd5 68. Rh3+ Kg8 69. Bc3 Bg2 70. Rh2 Rg3 71. Bb2 Bh3 72.
Rf2 Rg2 73. Rxg2+ Bxg2 1/2-1/2

[Event "2. BUNDESLIGA MITTE 2014/2015"]
[Site "St. Veit"]
[Date "2015.02.28"]
[Round "7"]
[Board "3"]
[White "Ruck, Tamas"]
[Black "Wertjanz, David"]
[Result "1-0"]
[WhiteElo "2351"]
[BlackElo "2242"]
[PlyCount "43"]
[EventDate "2014.10.03"]
[EventType "team"]
[EventRounds "11"]
[EventCountry "AUT"]
[WhiteTeam "Union Styria Graz"]
[BlackTeam "SC Die Klagenfurter"]

1. e4 c5 2. Nf3 d6 3. d4 cxd4 4. Nxd4 Nf6 5. Nc3 Nc6 6. Bg5 a6 7. Qd2 Qb6 8.
Nb3 e6 9. Bxf6 gxf6 10. O-O-O h5 11. f4 Bd7 12. Kb1 Na5 13. Nd5 Nxb3 14. Nxf6+
Ke7 15. axb3 Kxf6 16. Qc3+ e5 17. fxe5+ Kg6 18. e6 Bg7 19. Qg3+ Kh7 20. exd7
Be5 21. Qg5 Rhd8 22. Bc4 1-0

[Event "2. BUNDESLIGA MITTE 2014/2015"]
[Site "St. Veit"]
[Date "2015.02.28"]
[Round "7"]
[Board "4"]
[White "Genser, Harald"]
[Black "Manhardt, Thomas"]
[Result "1/2-1/2"]
[WhiteElo "2277"]
[BlackElo "2246"]
[PlyCount "68"]
[EventDate "2014.10.03"]
[EventType "team"]
[EventRounds "11"]
[EventCountry "AUT"]
[WhiteTeam "SC Die Klagenfurter"]
[BlackTeam "Union Styria Graz"]

1. d4 f5 2. Nf3 Nf6 3. g3 g6 4. Bg2 Bg7 5. O-O O-O 6. b3 Ne4 7. Bb2 c5 8. e3 d5
9. Nbd2 Nc6 10. Ne5 Nxe5 11. dxe5 b5 12. f3 Nxd2 13. Qxd2 e6 14. f4 Rb8 15.
Rfd1 Qb6 16. Rab1 Bb7 17. Qe2 Rfd8 18. h3 a5 19. Qe1 Ba6 20. a3 Bf8 21. Bc3 b4
22. axb4 axb4 23. Bb2 Bb5 24. Ra1 Ra8 25. Rxa8 Rxa8 26. Ra1 Rxa1 27. Qxa1 Qa6
28. Qxa6 Bxa6 29. Bf1 Bxf1 30. Kxf1 Kf7 31. Ke2 Ke8 32. Ba1 Be7 33. Bb2 Bf8 34.
Ba1 Be7 1/2-1/2

[Event "2. BUNDESLIGA MITTE 2014/2015"]
[Site "St. Veit"]
[Date "2015.02.28"]
[Round "7"]
[Board "5"]
[White "Stagl, Marco"]
[Black "Titz, Heimo"]
[Result "0-1"]
[WhiteElo "2104"]
[BlackElo "2120"]
[PlyCount "68"]
[EventDate "2014.10.03"]
[EventType "team"]
[EventRounds "11"]
[EventCountry "AUT"]
[WhiteTeam "Union Styria Graz"]
[BlackTeam "SC Die Klagenfurter"]

1. d4 Nf6 2. c4 e6 3. Nf3 b6 4. Bf4 Bb7 5. e3 h6 6. h4 Bb4+ 7. Nc3 Ne4 8. Qc2
Bxc3+ 9. bxc3 d6 10. Bd3 f5 11. h5 Nd7 12. Nh4 Qf6 13. f3 Ng5 14. Ng6 Rg8 15.
Kf2 O-O-O 16. a4 a5 17. Rab1 Rde8 18. Bg3 Ne4+ 19. Bxe4 fxe4 20. Bh4 Qf7 21. f4
e5 22. Rb5 exf4 23. Nxf4 g5 24. hxg6 Rxg6 25. Rf1 Rg4 26. g3 Reg8 27. Ke1 Qxc4
28. Rh5 Bc6 29. Rxh6 Bxa4 30. Qxe4 Qxc3+ 31. Kf2 Bc6 32. d5 Bb5 33. Rd1 Ne5 34.
Qf5+ Kb8 0-1

[Event "2. BUNDESLIGA MITTE 2014/2015"]
[Site "St. Veit"]
[Date "2015.02.28"]
[Round "7"]
[Board "6"]
[White "Jakits, Leopold"]
[Black "Schriebl, Alexander"]
[Result "0-1"]
[WhiteElo "2134"]
[BlackElo "2109"]
[PlyCount "102"]
[EventDate "2014.10.03"]
[EventType "team"]
[EventRounds "11"]
[EventCountry "AUT"]
[WhiteTeam "SC Die Klagenfurter"]
[BlackTeam "Union Styria Graz"]

1. c4 f5 2. Nc3 Nf6 3. g3 g6 4. Bg2 Bg7 5. d3 O-O 6. e4 fxe4 7. dxe4 d6 8. Nge2
c5 9. O-O Nc6 10. Rb1 e5 11. Nd5 Nd4 12. Bg5 Be6 13. Qd2 Qd7 14. Nxd4 exd4 15.
b4 Bxd5 16. cxd5 Rae8 17. Bxf6 Bxf6 18. bxc5 dxc5 19. f4 b6 20. Qd3 Bd8 21. e5
Kh8 22. h4 Qf5 23. Be4 Qg4 24. Qf3 Qh3 25. Qg2 Qg4 26. Bf3 Qf5 27. d6 c4 28.
Bd5 c3 29. g4 Qd3 30. Qf3 Qd2 31. Rbd1 Qb2 32. g5 b5 33. Qd3 c2 34. Rc1 Rxf4
35. Qxc2 Rxf1+ 36. Kxf1 Qa3 37. Re1 Rf8+ 38. Kg2 Bb6 39. Bb3 d3 40. Qxd3 Rf2+
41. Kg3 Qb2 42. Qe4 Rf8 43. Re2 Qc1 44. e6 Qg1+ 45. Rg2 Qc5 46. Rd2 Qg1+ 47.
Qg2 Qe3+ 48. Kh2 Qf4+ 49. Kh3 Qe3+ 50. Kh2 Rf3 51. Re2 Rh3+ 0-1

[Event "2. BUNDESLIGA MITTE 2014/2015"]
[Site "St. Veit"]
[Date "2015.02.28"]
[Round "7"]
[Board "1"]
[White "Horvath, Adam"]
[Black "Felsberger, Alfred"]
[Result "1/2-1/2"]
[WhiteElo "2530"]
[BlackElo "2342"]
[PlyCount "113"]
[EventDate "2014.10.03"]
[EventType "team"]
[EventRounds "11"]
[EventCountry "AUT"]
[WhiteTeam "RbEJ Gleisdorf"]
[BlackTeam "Union Ansfelden"]

1. e4 c5 2. Nf3 d6 3. d4 cxd4 4. Nxd4 Nf6 5. Nc3 Nc6 6. Bg5 e6 7. Qd2 a6 8.
O-O-O Qb6 9. Nb3 Be7 10. f3 O-O 11. g4 Rd8 12. Be3 Qc7 13. g5 Ne8 14. h4 b5 15.
Kb1 Ne5 16. Qg2 b4 17. Ne2 a5 18. Nbd4 a4 19. h5 Bd7 20. Bc1 Rdb8 21. b3 Ra5
22. f4 Rba8 23. Bb2 axb3 24. cxb3 Nc6 25. Nc1 Qb7 26. g6 Bf6 27. gxf7+ Kxf7 28.
Bc4 Nxd4 29. Bxd4 Bc6 30. Rhe1 Rd8 31. f5 Nc7 32. Bxf6 gxf6 33. h6 Re5 34.
fxe6+ Nxe6 35. Qg7+ Ke8 36. Qxf6 Qf7 37. Qh4 Qf4 38. Qh3 Ng5 39. Qh5+ Ke7 40.
Rf1 Bxe4+ 41. Nd3 Nf3 42. Qxf3 Qxf3 43. Rxf3 Bxf3 44. Nxe5 dxe5 45. Rxd8 Kxd8
46. Kc2 Ke7 47. Kd3 Bh5 48. Bg8 Bg6+ 49. Kc4 Bb1 50. Kxb4 Kf8 51. Bd5 Bxa2 52.
Kc5 Bxb3 53. Bxb3 Ke7 54. Bg8 Kf6 55. Bxh7 Kg5 56. Kd5 Kxh6 57. Kxe5 1/2-1/2

[Event "2. BUNDESLIGA MITTE 2014/2015"]
[Site "St. Veit"]
[Date "2015.02.28"]
[Round "7"]
[Board "2"]
[White "Ennsberger, Ulrich"]
[Black "Horvath, Tamas"]
[Result "1/2-1/2"]
[WhiteElo "2343"]
[BlackElo "2354"]
[PlyCount "73"]
[EventDate "2014.10.03"]
[EventType "team"]
[EventRounds "11"]
[EventCountry "AUT"]
[WhiteTeam "Union Ansfelden"]
[BlackTeam "RbEJ Gleisdorf"]

1. Nf3 c5 2. e4 e6 3. Nc3 Nc6 4. Bb5 Nge7 5. O-O a6 6. Bxc6 Nxc6 7. d4 cxd4 8.
Nxd4 Qc7 9. Re1 Bd6 10. g3 Nxd4 11. Qxd4 f6 12. Be3 b5 13. Rad1 Be5 14. Qc5
Qxc5 15. Bxc5 Bb7 16. Bd4 Rc8 17. a3 Bb8 18. Rd2 Ke7 19. e5 f5 20. Bb6 Rc4 21.
Rd4 Rhc8 22. Rxc4 Rxc4 23. Ba5 d5 24. exd6+ Bxd6 25. Rd1 e5 26. Rd2 Ke6 27. Nd1
g5 28. Ne3 Rd4 29. Rxd4 exd4 30. Ng2 Be4 31. Ne1 f4 32. f3 Bg6 33. g4 Kd5 34.
Nd3 Kc4 35. b3+ Kd5 36. Bb4 Bxd3 37. cxd3 1/2-1/2

[Event "2. BUNDESLIGA MITTE 2014/2015"]
[Site "St. Veit"]
[Date "2015.02.28"]
[Round "7"]
[Board "3"]
[White "Frosch, Ronald"]
[Black "Moser, Guenter"]
[Result "0-1"]
[WhiteElo "2196"]
[BlackElo "2352"]
[PlyCount "88"]
[EventDate "2014.10.03"]
[EventType "team"]
[EventRounds "11"]
[EventCountry "AUT"]
[WhiteTeam "RbEJ Gleisdorf"]
[BlackTeam "Union Ansfelden"]

1. d4 f5 2. Nf3 Nf6 3. g3 g6 4. Bg2 Bg7 5. O-O O-O 6. c4 d6 7. Nc3 Nc6 8. Rb1
Ne4 9. e3 e5 10. Qc2 Nxc3 11. bxc3 e4 12. Nd2 Re8 13. Ba3 h5 14. c5 dxc5 15.
Bxc5 h4 16. Rfd1 Qg5 17. Qa4 Rd8 18. Rb2 Kh7 19. Rdb1 Bd7 20. Qc2 b6 21. Ba3
Re8 22. c4 Rad8 23. c5 Ne7 24. cxb6 cxb6 25. Nc4 Nc8 26. Rc1 Be6 27. Qb1 Rd7
28. Rbc2 Ne7 29. Qb5 Nd5 30. Bd6 Qd8 31. Be5 Bf8 32. gxh4 Nb4 33. Re2 Nd3 34.
Rcc2 Bxc4 35. Rxc4 Nxe5 36. dxe5 Bc5 37. Ra4 Rxe5 38. Re1 Red5 39. h5 Bxe3 40.
Qe2 Bc5 41. hxg6+ Kg7 42. Bh3 Qh4 43. Kg2 Rd2 44. Rxa7 Qxf2+ 0-1

[Event "2. BUNDESLIGA MITTE 2014/2015"]
[Site "St. Veit"]
[Date "2015.02.28"]
[Round "7"]
[Board "4"]
[White "Weiss, Christian"]
[Black "Wegerer, Fred"]
[Result "1-0"]
[WhiteElo "2382"]
[BlackElo "2157"]
[PlyCount "68"]
[EventDate "2014.10.03"]
[EventType "team"]
[EventRounds "11"]
[EventCountry "AUT"]
[WhiteTeam "Union Ansfelden"]
[BlackTeam "RbEJ Gleisdorf"]

1. d4 g6 2. e4 Bg7 3. Nc3 c6 4. Nf3 d5 5. h3 a6 6. e5 f6 7. Bd3 Nh6 8. O-O O-O
9. Ne2 Nf7 10. exf6 exf6 11. Nf4 b5 12. Bd2 Ra7 13. a4 Re7 14. axb5 axb5 15.
Bxg6 hxg6 16. Nxg6 Re4 17. Nxf8 Bxf8 18. Re1 Na6 19. c3 f5 20. Nh2 Bd6 21. Qh5
Qf6 22. Nf3 f4 23. Ne5 Bxe5 24. Rxe4 dxe4 25. dxe5 Qxe5 26. Qg6+ Kf8 27. Qxc6
Nd6 28. Rxa6 Bxa6 29. Qxa6 Nc4 30. Qc8+ Kf7 31. b3 Nd6 32. Qg4 e3 33. fxe3 fxe3
34. Qf3+ Nf5 1-0

[Event "2. BUNDESLIGA MITTE 2014/2015"]
[Site "St. Veit"]
[Date "2015.02.28"]
[Round "7"]
[Board "5"]
[White "Sandner, Wolfgang"]
[Black "Mostbauer, Maximilian"]
[Result "1-0"]
[WhiteElo "2236"]
[BlackElo "2184"]
[PlyCount "79"]
[EventDate "2014.10.03"]
[EventType "team"]
[EventRounds "11"]
[EventCountry "AUT"]
[WhiteTeam "RbEJ Gleisdorf"]
[BlackTeam "Union Ansfelden"]

1. e4 e6 2. d3 d5 3. Nd2 Nf6 4. Ngf3 c5 5. g3 Nc6 6. Bg2 Be7 7. O-O O-O 8. e5
Nd7 9. Re1 b5 10. Nf1 a5 11. h4 b4 12. N1h2 Ba6 13. Bf4 c4 14. d4 c3 15. b3 a4
16. Be3 axb3 17. axb3 Bb5 18. Rc1 Ra2 19. Ng5 Bxg5 20. hxg5 Qe7 21. Qh5 g6 22.
Qh4 Rfa8 23. Ng4 Rb2 24. Bf3 h5 25. Nf6+ Kg7 26. Qf4 Raa2 27. Bd1 Qd8 28. Kg2
Kf8 29. g4 Nxf6 30. gxf6 h4 31. Qh6+ Ke8 32. Qg7 Qc7 33. Qg8+ Kd7 34. Qxf7+ Kc8
35. Qxe6+ Kb7 36. Qxd5 Ra5 37. Qe4 h3+ 38. Kxh3 Kb8 39. e6 g5 40. e7 1-0

[Event "2. BUNDESLIGA MITTE 2014/2015"]
[Site "St. Veit"]
[Date "2015.02.28"]
[Round "7"]
[Board "6"]
[White "Mostbauer, Florian"]
[Black "Ofner, Maximilian"]
[Result "1-0"]
[WhiteElo "2189"]
[BlackElo "2142"]
[PlyCount "129"]
[EventDate "2014.10.03"]
[EventType "team"]
[EventRounds "11"]
[EventCountry "AUT"]
[WhiteTeam "Union Ansfelden"]
[BlackTeam "RbEJ Gleisdorf"]

1. d4 c5 2. c3 e6 3. Nf3 d5 4. Bf4 Nc6 5. e3 Nf6 6. Nbd2 Bd6 7. Bg3 O-O 8. Bd3
Re8 9. Ne5 Qc7 10. f4 b6 11. O-O Bb7 12. Bh4 Be7 13. Rf3 Ne4 14. Rh3 f5 15. Qh5
Bxh4 16. Bxe4 g6 17. Qxh4 dxe4 18. Nxg6 Qg7 19. Ne5 Nxe5 20. fxe5 Qe7 21. Nc4
Qxh4 22. Rxh4 cxd4 23. cxd4 Bd5 24. Nd6 Re7 25. g4 fxg4 26. Rxg4+ Rg7 27. Rxg7+
Kxg7 28. a3 Kh6 29. Rf1 Rg8+ 30. Kf2 Rg7 31. Rc1 Kh5 32. Ne8 Rf7+ 33. Nf6+ Kh4
34. Rc8 h6 35. Rh8 Rc7 36. Rxh6+ Kg5 37. Rh7 Rc2+ 38. Kg3 Re2 39. Ng4 Kg6 40.
Rxa7 Rxb2 41. h4 Rb1 42. Nf6 Rf1 43. h5+ Kf5 44. Nxd5 Kg5 45. Nf4 Rf3+ 46. Kg2
Rxe3 47. Nxe6+ Kf5 48. h6 Re2+ 49. Kg1 e3 50. h7 Re1+ 51. Kg2 Rh1 52. Kf3 Rh3+
53. Ke2 Kxe6 54. h8=Q Rxh8 55. Kxe3 b5 56. Ra6+ Kd5 57. Rd6+ Kc4 58. e6 Rh3+
59. Kf4 Rh1 60. Kf5 Kb3 61. e7 Rf1+ 62. Ke6 b4 63. axb4 Kxb4 64. e8=Q Ka5 65.
Qa8+ 1-0

[Event "2. BUNDESLIGA MITTE 2014/2015"]
[Site "St. Veit"]
[Date "2015.02.28"]
[Round "7"]
[Board "1"]
[White "Poetz, Florian"]
[Black "Burlacu, Bogdan"]
[Result "1-0"]
[WhiteElo "2390"]
[BlackElo "2309"]
[PlyCount "71"]
[EventDate "2014.10.03"]
[EventType "team"]
[EventRounds "11"]
[EventCountry "AUT"]
[WhiteTeam "Spg.Sparkasse Fuerstenfeld/Hartberg"]
[BlackTeam "Union Hartkirchen - Sektion Schach"]

1. e4 c5 2. Nf3 d6 3. d4 cxd4 4. Nxd4 Nf6 5. Nc3 a6 6. h3 e6 7. g4 d5 8. exd5
Nxd5 9. Bd2 Nc6 10. Nxc6 bxc6 11. Qf3 Rb8 12. O-O-O Be7 13. Ne4 Qb6 14. b3 c5
15. Bc4 Bb7 16. Rhe1 O-O 17. Qg3 Nb4 18. Kb1 Bd5 19. Bxb4 Qxb4 20. Bxd5 exd5
21. Nc3 Bh4 22. Qxh4 Qxc3 23. Re3 Qc4 24. Kc1 Qf4 25. Rxd5 c4 26. Kb2 g6 27.
Rc3 Rb5 28. Rd8 Rxd8 29. Qxd8+ Kg7 30. Qc8 cxb3 31. axb3 Qf6 32. Qc6 Qxf2 33.
Qxa6 Re5 34. Qd6 Re6 35. Qd5 h6 36. Rc4 1-0

[Event "2. BUNDESLIGA MITTE 2014/2015"]
[Site "St. Veit"]
[Date "2015.02.28"]
[Round "7"]
[Board "2"]
[White "Jurek, Josef"]
[Black "Kuba, Guenter"]
[Result "1-0"]
[WhiteElo "2308"]
[BlackElo "2374"]
[PlyCount "80"]
[EventDate "2014.10.03"]
[EventType "team"]
[EventRounds "11"]
[EventCountry "AUT"]
[WhiteTeam "Union Hartkirchen - Sektion Schach"]
[BlackTeam "Spg.Sparkasse Fuerstenfeld/Hartberg"]

1. Nf3 f5 2. g3 Nf6 3. Bg2 g6 4. b3 d6 5. d4 Bg7 6. Bb2 O-O 7. O-O c6 8. Nbd2
a5 9. a4 Na6 10. Ne1 Nc7 11. Nd3 Qe8 12. Re1 Qf7 13. e3 g5 14. f4 h6 15. e4
fxe4 16. Nxe4 Nxe4 17. Bxe4 Nd5 18. fxg5 hxg5 19. Qd2 Bh6 20. Rf1 Nf6 21. Bg2
Qh5 22. Rae1 Rf7 23. c4 Rh7 24. d5 c5 25. Qe2 Bg4 26. Bf3 Bg7 27. Bxg4 Nxg4 28.
Qe6+ Kh8 29. Bxg7+ Rxg7 30. Re2 Rh7 31. h4 Rg8 32. Rf5 Nf6 33. Nf4 Qh6 34. Ng2
gxh4 35. gxh4 Qc1+ 36. Rf1 Qc3 37. Qe3 Qxe3+ 38. Rxe3 Rxh4 39. Rxe7 Ne4 40. Re1
Nd2 1-0

[Event "2. BUNDESLIGA MITTE 2014/2015"]
[Site "St. Veit"]
[Date "2015.02.28"]
[Round "7"]
[Board "3"]
[White "Stradner, Stefan"]
[Black "Konrad, Edmund"]
[Result "0-1"]
[WhiteElo "2190"]
[BlackElo "2187"]
[PlyCount "62"]
[EventDate "2014.10.03"]
[EventType "team"]
[EventRounds "11"]
[EventCountry "AUT"]
[WhiteTeam "Spg.Sparkasse Fuerstenfeld/Hartberg"]
[BlackTeam "Union Hartkirchen - Sektion Schach"]

1. Nf3 d5 2. g3 Nc6 3. c4 Nf6 4. d4 Bf5 5. Bg2 e6 6. a3 Be7 7. O-O O-O 8. cxd5
exd5 9. Nc3 Ne4 10. e3 Na5 11. Nxe4 Bxe4 12. Ne1 Bxg2 13. Kxg2 Nc4 14. Nd3 c6
15. b3 Nd6 16. Bb2 Bf6 17. Rc1 Re8 18. Ne5 Ne4 19. b4 Nd6 20. Nf3 Nc4 21. Qc2
Rxe3 22. Ne5 Bxe5 23. dxe5 Re4 24. Rfe1 Rxe1 25. Rxe1 Qd7 26. Bc1 Re8 27. Qc3
Qe6 28. Kf1 Qf5 29. Kg2 Rxe5 30. Bf4 Rxe1 31. Qxe1 Qe4+ 0-1

[Event "2. BUNDESLIGA MITTE 2014/2015"]
[Site "St. Veit"]
[Date "2015.02.28"]
[Round "7"]
[Board "4"]
[White "Windhager, Hannes"]
[Black "Hatzl, Johannes"]
[Result "1/2-1/2"]
[WhiteElo "2187"]
[BlackElo "2101"]
[PlyCount "60"]
[EventDate "2014.10.03"]
[EventType "team"]
[EventRounds "11"]
[EventCountry "AUT"]
[WhiteTeam "Union Hartkirchen - Sektion Schach"]
[BlackTeam "Spg.Sparkasse Fuerstenfeld/Hartberg"]

1. e4 c5 2. Nf3 Nc6 3. d4 cxd4 4. Nxd4 e5 5. Nb5 d6 6. c4 Be7 7. N1c3 a6 8. Na3
f5 9. exf5 Bxf5 10. Bd3 Be6 11. Nc2 Nf6 12. Ne3 Nd4 13. O-O O-O 14. b3 Rb8 15.
Bb2 b5 16. Ned5 bxc4 17. Bxc4 Nxd5 18. Nxd5 Nb5 19. Qe2 Bxd5 20. Bxd5+ Kh8 21.
Rad1 Qb6 22. Kh1 Bf6 23. Be4 g6 24. Bd3 Ra8 25. Bc4 Nd4 26. Qe4 Rac8 27. Bxd4
exd4 28. Rde1 a5 29. Qd5 Rc5 30. Qe6 Qc7 1/2-1/2